banner-ar

اثار ابى العلاء المعرى : (Record no. 29590)

MARC details
000 -الفاتح
حقل البيانات ثابتة الطول 01257nam a2200265Ia 4500
005 - وقت وتاريخ اخر تعامل مع التسجيلة
رقم الضبط 20240530102053.0
008 - عناصر البيانات ثابتة الطول - معلومات عامة
حقل البيانات ثابتة الطول 140319s1965 xx 000 0 ara d
040 ## - مصدر الفهرسة
وكالة الفهرسة الأصلية GCL /
وكالة النسخ GCL
082 04 - رقم تصنيف ديوى العشرى
رقم التصنيف 811.5 /
رقم المادة م ت
100 1# - المدخل الرئيسى - إسم شخصى
الإسم الشخصى ابى العلاء المعرى
245 10 - بيان العنوان
العنوان اثار ابى العلاء المعرى :
بقية العنوان السفر الاول تعريف القدماء بابى العلاء /
بيان المسئوليه,etc تاليف ابى العلاء المعرى ؛ محقق مصطفى السقا ، عبدالرحيم محمود ، عبدالسلام هارون ، ابراهيم الابيارى ، حامد عبدالحميد
260 ## - PUBLICATION, DISTRIBUTION, ETC. (IMPRINT)
تاريخ النشر أو التوزيع 1965
300 ## - الوصف المادى
التعداد 695 ص،
أبعاد الوعاء 24 سم
650 04 - المدخل الاضافى بالموضوع-مصطلح موضوعى
مصطلح موضوعي الادب العربى
650 04 - المدخل الاضافى بالموضوع-مصطلح موضوعى
مصطلح موضوعي دواوين وقصائد
650 04 - المدخل الاضافى بالموضوع-مصطلح موضوعى
مصطلح موضوعي ابوالعلاء المعرى
700 1# - المدخل الاضافى - اسم شخصى
الإسم الشخصى طه حسين
الدور مشرف
700 1# - المدخل الاضافى - اسم شخصى
الإسم الشخصى عبدالرحيم محمود
الدور محقق
700 1# - المدخل الاضافى - اسم شخصى
الإسم الشخصى عبدالسلام محمد هارون
الدور محقق
700 1# - المدخل الاضافى - اسم شخصى
الإسم الشخصى مصطفى السقا
الدور محقق
700 1# - المدخل الاضافى - اسم شخصى
الإسم الشخصى ابراهيم الابيارى
الدور محقق
700 1# - المدخل الاضافى - اسم شخصى
الإسم الشخصى حامد عبدالمجيد
الدور محقق
942 ## - عناصر المدخل الإضافي( كوها)
مصدر التصنيف او مخطط الترفيف Dewey Decimal Classification
Koha [default] item type كتاب
260 ## - PUBLICATION, DISTRIBUTION, ETC. (IMPRINT)
-- القاهرة :
-- الدار القومية للطباعة والنشر ،
Holdings
حالة التراجع حالة الفقد حالة تلف ليس للاعارة المكان المؤقت الموقع الحالى تاريخ الاكتساب اجمالي اﻻعارات رقم الطلب الباركود تاريخ اخر مشاهدة تاريخ تفعيل السعر نوع وعاء كوها موقع الترفيف
        مكتبة القاهرة الكبرى مكتبة القاهرة الكبرى 03/26/2014   811.5\م ت 68618 03/26/2014 03/26/2014 كتاب  
        مكتبة القاهرة الكبرى مكتبة القاهرة الكبرى 03/26/2014   811.5\م ت 68619 03/26/2014 03/26/2014 كتاب  
        مكتبة القاهرة الكبرى مكتبة القاهرة الكبرى 03/26/2014   811.5\م ت 68620 03/26/2014 03/26/2014 كتاب  
        مكتبة القاهرة الكبرى مكتبة القاهرة الكبرى 11/02/2022   811.5 / م ت 168727 11/02/2022 11/02/2022 كتاب ق الرئيسية_الأداب_ك عربى

Powered By

EGPV